I Prerafaellisti (Record no. 21269)

MARC details
000 -LEADER
campo de control de longitud fija 00504nam a2200181 i 4500
001 - NÚMERO DE CONTROL
campo de control 21269
003 - IDENTIFICADOR DE NÚMERO DE CONTROL
campo de control ES-MaACL
005 - FECHA Y HORA DE LA ÚLTIMA TRANSACCIÓN
campo de control 20250815164242.0
007 - CAMPO FIJO DE DESCRIPCIÓN FÍSICA--INFORMACIÓN GENERAL
campo de control de longitud fija t|
008 - DATOS DE LONGITUD FIJA--INFORMACIÓN GENERAL
campo de control de longitud fija 021122s1908 it |||| | ita d
100 1# - ENTRADA PRINCIPAL--NOMBRE DE PERSONA
Nombre de persona Agresti, A.
9 (RLIN) 18592
245 12 - MENCIÓN DEL TÍTULO
Título I Prerafaellisti
Resto del título : contributo alla storia dell'arte /
Mención de responsabilidad, etc. A. Agresti.
260 ## - PUBLICACIÓN, DISTRIBUCIÓN, ETC.
Lugar de publicación, distribución, etc. Torino :
Nombre del editor, distribuidor, etc. Loc Edit Nar,
Fecha de publicación, distribución, etc. 1908.
300 ## - DESCRIPCIÓN FÍSICA
Extensión 369 p. ;
Dimensiones 27 cm.
650 #7 - PUNTO DE ACCESO ADICIONAL DE MATERIA--TÉRMINO DE MATERIA
Término de materia o nombre geográfico como elemento de entrada Prerrafaelismo
Fuente del encabezamiento o término embne
9 (RLIN) 136762
852 ## - LOCALIZACIÓN
Ubicación ES-MaACL
Número de control de estantería F-718
Holdings
Estatus retirado Estado de pérdida Estado de daño No para préstamo Biblioteca de origen Biblioteca actual Ubicación en estantería Fecha de adquisición Fuente de adquisición Total de préstamos Signatura topográfica completa Código de barras Visto por última vez Precio de reemplazo Tipo de ítem Koha
        Biblioteca del Ateneo de Madrid Biblioteca del Ateneo de Madrid Depósito 2 17/01/2008     F-718 1021850 23/02/2023 23/02/2023 Libro impreso